Jüdische Autoren Ostmitteleuropas im 20. Jahrhundert / Hans Henning Hahn, Jens Stüben (Hrsg.)
Record details
- ISBN: 3-631-39817-4 (brož.)
- Physical Description: 548 s. ; 21 cm
- Edition: 2., überarbeitete Aufl.
- Publisher: Frankfurt am Main : Peter Lang, c2002
Content descriptions
| Bibliography, etc. Note: | Obsahuje rejstříky |
Search for related items by series
Available copies
- 1 of 1 copy available at Common Catalog SPOK.
Holds
- 0 current holds with 1 total copy.
Show Only Available Copies
| Location | Call Number / Copy Notes | Barcode | Shelving Location | Status | Due Date |
|---|---|---|---|---|---|
| Terezin Initiative Institute | 4081 | 4594304081 | Knihovna ITI | Available | - |
| LDR | 01747cam a2200445 a 4500 | ||
|---|---|---|---|
| 001 | 27326 | ||
| 003 | CZ-PrJAB | ||
| 005 | 20221026113509.0 | ||
| 008 | 031006s2002 gw gr 001 0 ger | ||
| 020 | . | ‡a3-631-39817-4 (brož.) | |
| 035 | . | ‡a(CONS)2145 | |
| 035 | . | ‡a(CZ PrSKC)zpk20031251146 | |
| 035 | . | ‡a(OCoLC)52662884 | |
| 040 | . | ‡bcze ‡cOCLC ‡dABA001 | |
| 080 | . | ‡a82-05(=411.16) ‡2MRF | |
| 080 | . | ‡a821.112.2 ‡2MRF | |
| 080 | . | ‡a821(=411.16) ‡2MRF | |
| 080 | . | ‡a82.09 ‡2MRF | |
| 080 | . | ‡a001.83-027.22 ‡2MRF | |
| 080 | . | ‡a(=411.16) ‡2MRF | |
| 080 | . | ‡a(4-191.2)+(4-11) ‡2MRF | |
| 080 | . | ‡a(062.534) ‡2MRF | |
| 245 | 0 | 0. | ‡aJüdische Autoren Ostmitteleuropas im 20. Jahrhundert / ‡cHans Henning Hahn, Jens Stüben (Hrsg.) |
| 250 | . | ‡a2., überarbeitete Aufl. | |
| 260 | . | ‡aFrankfurt am Main : ‡bPeter Lang, ‡cc2002 | |
| 300 | . | ‡a548 s. ; ‡c21 cm | |
| 490 | 1 | . | ‡aMitteleuropa-Osteuropa : Oldenburger Beiträge zur Kultur und Geschichte Ostmitteleuropas ; ‡vBd. 1 |
| 504 | . | ‡aObsahuje rejstříky | |
| 700 | 1 | . | ‡aHahn, Hans Henning, ‡d1947- ‡7mzk2002111516 ‡4edt |
| 700 | 1 | . | ‡aStüben, Jens, ‡d1952- ‡7jn20031009005 ‡4edt |
| 830 | 0. | ‡aMitteleuropa-Osteuropa | |
| 852 | 4 | . | ‡bJACH-ITI ‡bJACH-ITI ‡cKnihovna ITI ‡j4081 ‡p4081 ‡y$0.00 |
| 910 | . | ‡aABE340 ‡b4081 | |
| 995 | . | ‡askok | |
| 901 | . | ‡a27326 ‡bUnknown ‡c27326 ‡tbiblio | |